Introduction to modern number theory : fundamental problems, ideas and theories

Αποθηκεύτηκε σε:
Λεπτομέρειες βιβλιογραφικής εγγραφής
Κύριος συγγραφέας: Manin, Yuri I.
Άλλοι συγγραφείς: Panchishkin, A.A. (Aleksei Alekseevich)
Μορφή: Βιβλίο
Γλώσσα:English
Δημοσίευση: Berlin ; New York : Springer, c2005
Έκδοση:2nd ed.
Σειρά:Encyclopaedia of mathematical sciences ; ; 49
Θέματα:
Ετικέτες: Προσθήκη ετικέτας
Δεν υπάρχουν, Καταχωρήστε ετικέτα πρώτοι!

MARC

LEADER 00000nam a2200000 i 4500
001 1/63474
008 071119s2007 eng d
020 |a 978-3-540-20364-3 
035 |l 10092373 
040 |a GR-MY-UA  |b gre  |e aacr 
041 0 |a eng 
082 0 |a 512.7  |2 (22) 
100 1 |a Manin, Yuri I. 
245 1 0 |a Introduction to modern number theory :  |b fundamental problems, ideas and theories /  |c Yuri Ivanovich Manin, Alexei A. Panchishkin 
250 |a 2nd ed. 
260 |a Berlin ; New York :   |b Springer,   |c c2005 
300 |a xv, 514 σ.;  |b εικ.;  |c 25 εκ. 
490 1 |a Encyclopaedia of mathematical sciences  |v ; 49 
504 |a Περιέχει βιβλιογραφικές παραπομπές (σ. [461]-502) και ευρετήριο 
650 0 0 |a Number theory. 
700 1 |a Panchishkin, A.A.  |q (Aleksei Alekseevich) 
830 0 |a Encyclopaedia of mathematical sciences ;  |v ; 49 
852 |a INST  |b SAMOS  |e 20071119  |h 512.7 MAN  |p 005300027774  |q 005300027774  |t BK  |y 0 
901 |a BIBL3-2007-3 
909 |a Σ  |b 140192 
922 |a 3ΕΛΗ  |b 200711  |c ΕΠΕΑΕΚ2/ΤΜΗΜΑ ΜΑΘΗΜΑΤΙΚΩΝ  |d ΕΛΕΥΘΕΡΟΥΔΑΚΗΣ 
970 |a ΡΟΥΣΣΟΥ  |b ΚΩΝΣΤΑΝΤΙΝΑ  |z 2007/11/19